La inmigracin̤ el reto del siglo XXI /

Bibliographic Details
Main Author: Iglesias Machado, Salvador
Other Authors: Becerra Domn̕guez, Miguel
Format: Unknown
Language:Spanish
Published: Madrid : Dykinson, 2007
Series:Cuadernos de seguridad y polica̕ ; 5
Subjects:
Online Access:Acceso restringido

MARC

LEADER 00000ny a22000003n 4500
005 20110615121839.0
008 070618s2007 sp s 001 0 spa c
020 |a 8497728653 
035 |a 1838 
040 |a UMA.RE  |d vLex 
080 |a 3215.14(460) 
090 |c 701  |d 701 
100 1 |a Iglesias Machado, Salvador 
245 1 3 |a La inmigracin̤  |h [Recurso electrn̤ico]  |b el reto del siglo XXI /  |c Salvador Iglesias Machado, Miguel Becerra Domn̕guez 
256 |a Servicio en ln̕ea 
260 |a Madrid :  |b Dykinson,   |c 2007 
300 |a 332 p. :  |b graf. ;  |c 24 cm 
490 |a Cuadernos de seguridad y polica̕ ;  |v 5 
506 1 |a Contenido solo disponible en los productos indicados  |d vLex Global  |d vLex Global (Academic Edition, excluding Law Schools)  |d vLex Global (U.S. Academic Edition, Law Schools)  |d vLex Global (U.S. Academic Edition, excluding Law Schools)  |d vLex Global (Academic Edition, Law Schools) 
650 0 7 |a Inmigracin̤  |2 Tesauro vLex 
650 0 7 |a Comunitario  |2 Tesauro vLex 
650 0 7 |a Extranjeros  |2 Tesauro vLex 
650 0 7 |a Derechos de los extranjeros  |2 Tesauro vLex 
700 1 |a Becerra Domn̕guez, Miguel 
740 0 |a vLex Libros (Servicios en ln̕ea) 
856 4 0 |u http://vlex.com/source/1838  |z Acceso restringido 
942 |c BOOK 
999 0 |a Emigration and immigration  |b Madrid